000 00459nam a2200157 4500
999 _c509218
_d509218
008 190426b ||||| |||| 00| 0 eng d
100 _aSchilke, Oliver
_94831
245 _aIt's only wrong if it's transactional: moral perceptions of obfuscated exchange
260 _c2018
300 _ap.1079-1107.
650 _aBribery
_94832
700 _aRossman, Gabriel
_94833
773 _aAmerican Sociological Review
906 _aCorruption
942 _2ddc
_cAR